000 01150nam a2200301 c 4500
003 BLK
005 20180422114246.0
008 180411b bul|||||r ||||||| ||bul||
010 _aKNG00176416000
040 _aBLK
041 _aBUL
_cBUL
080 _aБългарска литература
_b821.163.2
_x-2
_z821.163.2-2
100 1 _aКараславов, Георги Славов
_eпърви автор
_9366141
139 _aКараславов, Георги Славов
_bК 36
245 1 0 _aТанго
_bПиеса в 3 карт. с пролог и епилог по едноимената повест от същия авт.
_cГеорги Славов Караславов.
257 _aBGR
260 София
_bБълг. писател
_c1967
300 _a92 с.
_bс ил.
_c18 см
380 _aX
490 1 _aСъвременна българска драма
500 _a4 600 тир.
653 _aпиеси
852 _aЦб І 9688
856 4 _qpdf
_u
856 4 _qpdf
_u
942 _cKNG
_n0
944 _aCR
_c04.06.2015
_lф /
_kЛюдмила_Стоянова
944 _aED
_c04.06.2015
_lф /
_kЛюдмила_Стоянова
999 _c168516
_d168516